header

Basics of blood management (Record no. 78253)

MARC details
000 -LEADER
fixed length control field 01352nam a2200361 a 4500
082 04 - DEWEY DECIMAL CLASSIFICATION NUMBER
Classification number 362.17/84
100 1# - MAIN ENTRY--AUTHOR NAME
Personal name Seeber, Petra.
245 10 - TITLE STATEMENT
Title Basics of blood management
250 ## - EDITION STATEMENT
Edition statement 2nd ed.
260 ## - PUBLICATION, DISTRIBUTION, ETC. (IMPRINT)
Place of publication Chichester, West Sussex ;
-- Hoboken, N.J. :
Name of publisher John Wiley & Sons,
Year of publication 2013.
300 ## - PHYSICAL DESCRIPTION
Number of Pages viii, 350 p. :
Other physical details ill.
500 ## - GENERAL NOTE
General note Two columns to the page.
650 #0 - SUBJECT ADDED ENTRY--TOPICAL TERM
Topical Term Transfusion-free surgery.
Topical Term Blood
Topical Term Blood banks.
700 1# - ADDED ENTRY--PERSONAL NAME
Personal name Shander, Aryeh.
856 40 - ELECTRONIC LOCATION AND ACCESS
Uniform Resource Identifier http://site.ebrary.com/lib/rucke/Doc?id=10575636

No items available.

© 2026 Rongo University
Contact us: librarian | system librarian | Rongo university